Legislación de viviendas de protección oficial / (Registro nro. 13595)

Detalles MARC
000 -LEADER
fixed length control field 00877nam a2200229Ia 4500
003 - CONTROL NUMBER IDENTIFIER
control field OSt
005 - DATE AND TIME OF LATEST TRANSACTION
control field 20210901111736.0
008 - FIXED-LENGTH DATA ELEMENTS--GENERAL INFORMATION
fixed length control field 210310s1982 sp ad gr 000 0 spa d
020 ## - INTERNATIONAL STANDARD BOOK NUMBER
International Standard Book Number 8474331897
040 ## - CATALOGING SOURCE
Original cataloging agency CO-JMCR
Transcribing agency CO-JMCR
041 0# - LANGUAGE CODE
Language code of text/sound track or separate title spa
082 04 - DEWEY DECIMAL CLASSIFICATION NUMBER
Classification number 344.4606363502632 /
Item number H667l
Edition number 23
100 1# - MAIN ENTRY--PERSONAL NAME
Personal name Hipólito Lancha, Fernando,
Relator term autor
9 (RLIN) 31404
245 10 - TITLE STATEMENT
Title Legislación de viviendas de protección oficial /
Statement of responsibility, etc. Fernando Hipolito Lancha, Luis Rodriguez Landrove
260 ## - PUBLICATION, DISTRIBUTION, ETC.
Place of publication, distribution, etc. Madrid, España :
Name of publisher, distributor, etc. Ministerio de Obras Públicas y Urbanismo,
Date of publication, distribution, etc. 1982.
300 ## - PHYSICAL DESCRIPTION
Extent vi, 448 páginas :
Other physical details ilustraciones y gráficas en blanco y negro ;
Dimensions 21 cm.
500 ## - GENERAL NOTE
General note Índice cronológico y índice analítico.
650 14 - SUBJECT ADDED ENTRY--TOPICAL TERM
Topical term or geographic name entry element Vivienda
9 (RLIN) 31406
650 14 - SUBJECT ADDED ENTRY--TOPICAL TERM
Topical term or geographic name entry element Régimen de vivienda
General subdivision Ley y legislación
9 (RLIN) 39847
700 1# - ADDED ENTRY--PERSONAL NAME
Personal name Rodriguez Landrove, Luis,
Relator term autor
9 (RLIN) 39848
942 ## - ADDED ENTRY ELEMENTS (KOHA)
Source of classification or shelving scheme Dewey Decimal Classification
Koha item type Books
Existencias
Withdrawn status Lost status Source of classification or shelving scheme Damaged status Not for loan Home library Current library Shelving location Date acquired Source of acquisition Full call number Barcode Date last seen Copy number Price effective from Koha item type
    Dewey Decimal Classification     Biblioteca Pública José María del Castillo y Rada Biblioteca Pública José María del Castillo y Rada General Stacks 04/15/2018 Donación 344.4606363502632 / H667l 430007562 05/16/2024 Ej.1 03/10/2021 Books